| 000 | 00829nam a2200277 a 4500 | ||
|---|---|---|---|
| 001 | 58169 | ||
| 003 | BD-RjUL | ||
| 005 | 20211209080607.0 | ||
| 008 | 161217r19611950nju 001 0 eng | ||
| 035 | _a(BD-RjUL)58293 | ||
| 035 | _a(OCoLC)260053 | ||
| 040 |
_aDLC _cODaWU _dOCoLC _dBD-RjUL _beng |
||
| 041 | _aeng | ||
| 082 |
_223 _a306.8 _bLAP 1961 |
||
| 100 | 1 |
_aLandis, Judson T. _9172786 |
|
| 245 | 1 | 0 |
_aPersonal adjustment, marriage, and family living / _bJudson J. Landis and Mary G Landis. |
| 250 | _a3d ed. | ||
| 260 |
_aN. J. : _bPrentice-hall, inc., _c1960 [printing1961] |
||
| 300 |
_a384 p. : _bill. ; _c25 cm. |
||
| 500 | _aIncludes index | ||
| 650 | 0 |
_aMarriage. _9170549 |
|
| 650 | 0 |
_aFamilies. _9170535 |
|
| 700 | 1 |
_aLandis, Mary G., _ejoint author. _9172787 |
|
| 942 |
_2ddc _cBK |
||
| 999 |
_c58169 _d58169 |
||